000 00644nam a22002177a 4500
003 0
005 20250326104003.0
008 250326b xxu||||| |||| 00| 0 eng d
020 _a978-1-265-11789-4
050 _aHF 5657.4
_b.W495 2023
100 _aWhitecotton, Stacey
245 _aManagerial accounting
_cStacey Whitecotton and two others
250 _aFifth edition
260 _aNew York
_bMcGraw-Hill
_c2023
300 _axxix, 623 pages ;
_c28cm.
504 _aIncludes glossary, index, and appendices.
650 _aManagerial accounting.
700 _aLibby, Robert.
700 _aPhillips, Fred.
942 _2lcc
_cBK
999 _c367341
_d367341